Harvard Business Review Leaders Handbook: Make an Impact Inspire Your Organization and Get to the Next Level

Saved in:
Bibliographic Details
Main Author: Ashkenas
Format: Book
Published: Harvard Business Pub.
Tags: Add Tag
No Tags, Be the first to tag this record!

MARC

LEADER 00000nam a2200000Ia 4500
005 20260513122050.0
020 |a 9781633693746 
100 |a Ashkenas 
365 |c Rs. 
365 |b 20.00 
942 |c BK 
245 |a Harvard Business Review Leaders Handbook: Make an Impact Inspire Your Organization and Get to the Next Level 
260 |b Harvard Business Pub. 
999 |c 33  |d 33 
952 |0 0  |1 0  |4 0  |7 0  |a UNSW  |b UNSW  |d 2026-05-06  |g 999.00  |i 16682  |l 0  |p 000138  |r 2026-05-13 12:20:50  |v 999.00  |w 2026-05-13  |y BK